LEADER 00866nam0-22003011i-450- 001 990004024470403321 005 20051003120629.0 010 $a2-204-02315-9 035 $a000402447 035 $aFED01000402447 035 $a(Aleph)000402447FED01 035 $a000402447 100 $a19990604d1985----km-y0itay50------ba 101 0 $afre 105 $ay-------001yy 200 1 $a<>homme et le miracle$fPIerre-André Sigal$edans la france médiévale (XIe-XIIe siécle) 210 $aParis$cLés éditions du Cerf$d1985 215 $a350 p.$d23 cm 225 1 $aHistoire 676 $a231.73$v21$zita 700 1$aSigal,$bPerre-André$0384407 801 0$aIT$bUNINA$gRICA$2UNIMARC 901 $aBK 912 $a990004024470403321 952 $a231.73 SIG 1$bBibl. 32108$fFLFBC 959 $aFLFBC 996 $aHomme et le miracle$9470274 997 $aUNINA LEADER 01237cam0-22003491i-450- 001 990005495520403321 005 20060620112651.0 035 $a000549552 035 $aFED01000549552 035 $a(Aleph)000549552FED01 035 $a000549552 100 $a19990604d1951----km-y0itay50------ba 101 0 $aita 102 $aIT 105 $ay-------001yy 200 1 $a<>Scoperta dell'utile nel settecento$ela genesi del concetto di economia in Francia dai libertini agli illuministi e l'aspetto economico della storia nella storiografia dell'illuminismo francese$fGioacchino Gargallo 210 $aRoma$cEdizioni di Storia e Letteratura$d1951 215 $a73 p.$d21 cm 225 1 $aLetture di pensiero e d'arte 676 $a909.01$v20$zita 700 1$aGargallo di Castel Lentini,$bGioacchino$f<1923-2007>$0166339 801 0$aIT$bUNINA$gRICA$2UNIMARC 901 $aBK 912 $a990005495520403321 952 $aCOLL. 46 (18)$bBIBL. 24551$fFLFBC 952 $aST.MED.MOD. 2864$bST.MED.MOD. 418$fFLFBC 952 $aST.MED.MOD. 2864 (bis)$bST.MED.MOD. 509$fFLFBC 952 $aXI C 241$b43355$fFGBC 959 $aFGBC 959 $aFLFBC 996 $aScoperta dell'utile nel settecento$9589323 997 $aUNINA